<?xml version="1.0" encoding="UTF-8"?>
<marc:record xmlns:marc="http://www.loc.gov/MARC21/slim">
   <marc:leader>00000nam a2200000 a 4500</marc:leader>
   <marc:datafield ind1=" " ind2=" " tag="653">
      <marc:subfield code="a">3DS.SPK</marc:subfield>
   </marc:datafield>
   <marc:datafield ind1=" " ind2=" " tag="653">
      <marc:subfield code="a">Konsolenspiel</marc:subfield>
   </marc:datafield>
   <marc:datafield ind1=" " ind2=" " tag="653">
      <marc:subfield code="a">lne Land</marc:subfield>
   </marc:datafield>
   <marc:datafield ind1="0" ind2="0" tag="245">
      <marc:subfield code="a">Mario Tennis Open</marc:subfield>
   </marc:datafield>
   <marc:datafield ind1="1" ind2=" " tag="520">
      <marc:subfield code="a">Die Fans von Super Mario dürften besonders erfreut darüber sein, dass der pfiffige Klempner und seine Freunde bald wieder einen sauberen Aufschlag hinlegen: in dem tempo- und action-reichen Mario Tennis Open. Erstmals wird es in einem Spiel der Mario Tennis-Reihe möglich sein, sich mit seinen Freunden Online-Matches zu liefern. Wer gewinnt, sammelt nicht nur Punkte, sondern klettert auch auf der spielinternen Rangliste immer weiter nach oben.</marc:subfield>
   </marc:datafield>
</marc:record>
